Most Streamed Snoop Dogg Songs - Statistics

General Stats
  • This quiz has been taken 30 times
  • The average score is 6 of 20
Answer Stats
# Streams Answer % Correct
8 501,284,654 Gin and Juice
83%
5 728,039,509 Drop It Like It's Hot
78%
1 1,689,962,313 Still D.R.E.
65%
3 1,209,965,814 The Next Episode
65%
2 1,648,871,164 Young, Wild & Free
48%
7 513,003,117 Nuthin' But A "G" Thang
43%
11 322,720,053 Who Am I (What's My Name)?
43%
10 340,613,882 Beautiful
39%
14 312,236,176 Bitch Please II
30%
4 1,099,943,556 California Gurls
30%
13 315,806,542 Sweat - Snoop Dogg vs David Guetta Remix
17%
12 316,902,707 2 Of Amerikaz Most Wanted
13%
16 285,421,742 Bad Decisions
13%
6 590,669,570 I Wanna Love You
13%
18 167,023,679 Que Maldicion
13%
20 157,490,996 I Wanna Fuck You
9%
9 492,377,050 Wiggle
9%
17 172,243,845 All About U
4%
19 157,820,567 Professional Rapper
4%
15 300,053,273 That's My N****
4%
No matching quizzes found
Score Distribution
Percent of People with Each Score
Percentile by Number Answered
Your Score History
You have not taken this quiz